Dalit women: fear and discrimination (Record no. 442212)

000 -LEADER
fixed length control field 00466cam a22001577a 4500
008 - FIXED-LENGTH DATA ELEMENTS--GENERAL INFORMATION
fixed length control field 180718b2011 xxu||||| |||| 00| 0 eng d
020 ## - INTERNATIONAL STANDARD BOOK NUMBER
International Standard Book Number 8182050847
082 ## - DEWEY DECIMAL CLASSIFICATION NUMBER
Classification number BA27x54 An14d
245 ## - TITLE STATEMENT
Title Dalit women: fear and discrimination
Statement of responsibility, etc. edited by Meena Anand
260 ## - PUBLICATION, DISTRIBUTION, ETC.
Place of publication, distribution, etc. Delhi
Name of publisher, distributor, etc. Isha Books
Date of publication, distribution, etc. 2011
300 ## - PHYSICAL DESCRIPTION
Extent 381p.
650 ## - SUBJECT ADDED ENTRY--TOPICAL TERM
Topical term or geographic name entry element Dalits --India
650 ## - SUBJECT ADDED ENTRY--TOPICAL TERM
Topical term or geographic name entry element Women --India --Economic conditions
650 ## - SUBJECT ADDED ENTRY--TOPICAL TERM
Topical term or geographic name entry element Women --India --Social conditions
700 ## - ADDED ENTRY--PERSONAL NAME
Personal name Anand, Meena
Holdings
Withdrawn status Lost status Damaged status Not for loan Permanent Location Current Location Date acquired Total Checkouts Full call number Barcode Date last seen Date last checked out Price effective from Koha item type
        Indian Institute of Public Administration Indian Institute of Public Administration 2011-10-21 2 BA27x54 An14d 84417 2019-08-02 2019-06-29 2018-07-21 Book

Powered by Koha